[Event "K41 Efterars EMT Basis 1 2006"]
[Site "Valby"]
[Date "2006.09.12"]
[Round "1"]
[White "Hansen, Henrik I"]
[Black "Frederiksen, Alan"]
[Result "0-1"]
[WhiteElo "1677"]
[BlackElo "1611"]
[PlyCount "136"]
[EventDate "2006.??.??"]

1. e4 d5 2. exd5 Qxd5 3. Nc3 Qd6 4. Bc4 Nf6 5. Nf3 Bg4 6. d3 e6 7. Nb5 Qc6 8.
Bf4 Bd6 9. Bxd6 cxd6 10. Qe2 O-O 11. Nbd4 Qb6 12. O-O Nc6 13. Nxc6 Qxc6 14. h3
Bxf3 15. gxf3 d5 16. Bb3 Qd6 17. Rfe1 Nh5 18. Qe5 Qxe5 19. Rxe5 g6 20. Kh2 Kg7
21. Rg1 Kf6 22. Re3 Kf5 23. d4 b5 24. Re5+ Kf6 25. c3 a5 26. Rg4 a4 27. Bd1 a3
28. bxa3 Rxa3 29. Bb3 Rc8 30. Re3 Ng7 31. Rg1 Nf5 32. Rd3 Ra7 33. Ra1 Rac7 34.
Rc1 b4 35. Kg1 Rxc3 36. Rdxc3 Rxc3 37. Re1 Nxd4 38. Bd1 Rd3 39. Kg2 Nf5 40. Bb3
Rd2 41. Rc1 Nd4 42. Rb1 Nxb3 43. Rxb3 Rxa2 44. Rxb4 Rc2 45. Kg3 Rc4 46. Rb7 h5
47. h4 Rc5 48. Kf4 e5+ 49. Kg3 Ke6 50. Rb6+ Kf5 51. Rb7 f6 52. Rb4 d4 53. Rb6
Rd5 54. Rb2 d3 55. Rd2 Rd4 56. Kh3 Kf4 57. Kg2 g5 58. hxg5 fxg5 59. Ra2 g4 60.
fxg4 hxg4 61. Rd2 e4 62. Kf1 Kf3 63. Ke1 Ra4 64. Rd1 Ra2 65. Kf1 Rxf2+ 66. Kg1
d2 67. Kh1 Re2 68. Rf1+ Ke3 0-1

[Event "K41 Efterars EMT Basis 1 2006"]
[Site "Valby"]
[Date "2006.09.12"]
[Round "1"]
[White "Philipsen, William Horup"]
[Black "Sorensen, Hans Erik Then"]
[Result "0-1"]
[WhiteElo "1448"]
[BlackElo "1537"]
[PlyCount "82"]
[EventDate "2006.??.??"]

1. g3 Nf6 2. Bg2 d5 3. Nf3 c5 4. O-O Nc6 5. d4 e6 6. b3 cxd4 7. Nxd4 e5 8. Nxc6
bxc6 9. c4 Bb7 10. cxd5 cxd5 11. Bb2 Qc7 12. e3 Be7 13. Nc3 Rd8 14. Rc1 Qb8 15.
Qf3 O-O 16. Rfd1 e4 17. Qf5 Bc8 18. Qg5 h6 19. Qh4 Bg4 20. Nxd5 Bxd1 21. Nxe7+
Kh7 22. Nc6 Qd6 23. Nxd8 g5 24. Bxe4+ Kg7 25. Qg4 Bxg4 26. Nb7 Qd2 27. Rc2 Qd1+
28. Kg2 Bf3+ 29. Bxf3 Qxc2 30. Bd4 g4 31. Bxg4 Kg6 32. Bf3 Ne4 33. Kh3 Qc8+ 34.
Kh4 Qxb7 35. b4 a6 36. Kg4 Nxf2+ 37. Kf4 Qxb4 38. Be2 Qb7 39. Bf3 Qe7 40. h4
Nh3+ 41. Kg4 Qe6# 0-1

[Event "K41 Efterars EMT Basis 1 2006"]
[Site "Valby"]
[Date "2006.09.19"]
[Round "2"]
[White "Christensen, Aage Niels"]
[Black "Hansen, Henrik I"]
[Result "1-0"]
[WhiteElo "1525"]
[BlackElo "1677"]
[PlyCount "55"]
[EventDate "2006.??.??"]

1. d4 Nf6 2. c4 c5 3. d5 d6 4. Nc3 e6 5. e4 exd5 6. exd5 g6 7. Bg5 Bg7 8. Qe2+
Kd7 9. Qf3 a6 10. g3 h6 11. Bh3+ Kc7 12. Be3 Bxh3 13. Nxh3 Nbd7 14. O-O Ne5 15.
Qe2 Qd7 16. Kg2 Rae8 17. Rab1 h5 18. b4 h4 19. g4 Qxg4+ 20. Qxg4 Nfxg4 21. bxc5
Nxe3+ 22. fxe3 Nxc4 23. Rxf7+ Kc8 24. Rxg7 Rxe3 25. Rgxb7 Na5 26. Rb8+ Kd7 27.
c6+ Kc7 28. Rxh8 1-0

[Event "K41 Efterars EMT Basis 1 2006"]
[Site "Valby"]
[Date "2006.09.19"]
[Round "2"]
[White "Nielsen, Soren Skovso"]
[Black "Philipsen, William Horup"]
[Result "0-1"]
[WhiteElo "1584"]
[BlackElo "1448"]
[PlyCount "102"]
[EventDate "2006.??.??"]

1. e4 e5 2. Bc4 Nf6 3. Nc3 Bc5 4. d3 c6 5. Na4 Qa5+ 6. c3 Bxf2+ 7. Kxf2 b5 8.
b4 Qxa4 9. Qxa4 bxa4 10. Bg5 Bb7 11. a3 d5 12. Bxf6 gxf6 13. exd5 cxd5 14. Bb5+
Bc6 15. Bxc6+ Nxc6 16. Ne2 Rg8 17. Ng3 Kd7 18. c4 dxc4 19. dxc4 Rg4 20. Rhd1+
Kc7 21. c5 Rf4+ 22. Kg1 Nd4 23. Rf1 a5 24. Rxf4 exf4 25. Nh5 axb4 26. axb4 a3
27. Nxf4 Nc2 28. Nd5+ Kc6 29. Rd1 a2 30. Ne7+ Kb5 31. c6 Ne3 32. Ra1 Nc4 33. c7
Nb6 34. c8=Q Nxc8 35. Nxc8 Kxb4 36. Nd6 Kb3 37. Ne4 Kb2 38. Rxa2+ Rxa2 39. Nxf6
h6 40. h3 Kc3 41. Kh2 Ra6 42. Ne4+ Kd4 43. Ng3 Ke5 44. Nf1 Kf4 45. Nd2 Ra3 46.
Nf1 h5 47. Nd2 h4 48. Nc4 Rd3 49. Nb2 Rc3 50. Kg1 Kg3 51. Nd1 Rc1 0-1

[Event "K41 Efterars EMT Basis 1 2006"]
[Site "Valby"]
[Date "2006.09.19"]
[Round "2"]
[White "Pedersen, Egmont"]
[Black "Sorensen, Hans Erik Then"]
[Result "1/2-1/2"]
[WhiteElo "1472"]
[BlackElo "1537"]
[PlyCount "40"]
[EventDate "2006.??.??"]

1. d4 f5 2. Nf3 Nf6 3. c4 e6 4. a3 Be7 5. Nc3 O-O 6. e3 b6 7. g3 Bb7 8. Bg2 Qc8
9. O-O c6 10. b3 d5 11. cxd5 cxd5 12. Bb2 Ne4 13. Rc1 Qe8 14. b4 Ba6 15. Re1
Bc4 16. Nd2 Nxd2 17. Qxd2 b5 18. Qd1 a6 19. Nb1 Nd7 20. Nd2 Nb6 1/2-1/2

[Event "K41 Efterars EMT Basis 1 2006"]
[Site "Valby"]
[Date "2006.09.26"]
[Round "3"]
[White "Hansen, Henrik I"]
[Black "Pedersen, Egmont"]
[Result "1-0"]
[WhiteElo "1677"]
[BlackElo "1472"]
[PlyCount "49"]
[EventDate "2006.??.??"]

1. e4 c5 2. Nf3 d6 3. d4 cxd4 4. c3 e6 5. cxd4 Nf6 6. Nc3 a6 7. Bg5 Be7 8. e5
dxe5 9. dxe5 Qxd1+ 10. Rxd1 Nfd7 11. Ne4 Bxg5 12. Nfxg5 O-O 13. f4 b5 14. Nd6
h6 15. Nge4 Nb6 16. g4 Nd5 17. Rc1 Bd7 18. f5 exf5 19. gxf5 Bc6 20. Rg1 Kh8 21.
Rg3 Nb6 22. Bd3 Nd5 23. e6 fxe6 24. fxe6 Ne7 25. Nf7+ 1-0

[Event "K41 Efterars EMT Basis 1 2006"]
[Site "Valby"]
[Date "2006.09.26"]
[Round "3"]
[White "Philipsen, William Horup"]
[Black "Frederiksen, Alan"]
[Result "1-0"]
[WhiteElo "1448"]
[BlackElo "1611"]
[PlyCount "107"]
[EventDate "2006.??.??"]

1. e4 d5 2. exd5 Qxd5 3. d4 Nc6 4. Nf3 Bg4 5. Nc3 Qa5 6. Bb5 O-O-O 7. Bxc6 bxc6
8. Qd3 Bxf3 9. Qxf3 Rxd4 10. Qxf7 Nf6 11. Qe6+ Kb8 12. Be3 Rd6 13. Qb3+ Kc8 14.
O-O e5 15. Rad1 Nd5 16. Ne4 Rd7 17. Bd2 Qb6 18. Qh3 Bd6 19. c4 Nf6 20. c5 Bxc5
21. Nxf6 gxf6 22. Ba5 Qxa5 23. Rxd7 Kb7 24. a3 Bd4 25. Qe6 Qc5 26. b4 Qc2 27.
Qxf6 Rg8 28. Rxc7+ Kb6 29. Qf7 Rxg2+ 30. Kxg2 Qe4+ 31. Kg3 Qd3+ 32. Qf3 Qg6+
33. Qg4 Qd3+ 34. Kg2 Kxc7 35. Qf3 Qg6+ 36. Kh1 Qc2 37. Rd1 Bxf2 38. Qd3 Qxd3
39. Rxd3 e4 40. Rd2 e3 41. Re2 Kd6 42. Kg2 Kd5 43. Kf3 Kc4 44. Rc2+ Kb5 45.
Rc5+ Kb6 46. Rh5 a6 47. h4 Bg1 48. Rxh7 a5 49. h5 axb4 50. axb4 Kb5 51. Rb7+
Kc4 52. Ke2 Kd5 53. h6 Bh2 54. h7 1-0

[Event "K41 Efterars EMT Basis 1 2006"]
[Site "Valby"]
[Date "2006.10.03"]
[Round "4"]
[White "Christensen, Aage Niels"]
[Black "Philipsen, William Horup"]
[Result "0-1"]
[WhiteElo "1525"]
[BlackElo "1448"]
[PlyCount "64"]
[EventDate "2006.??.??"]

1. d4 Nf6 2. c4 e5 3. dxe5 Ng4 4. Nf3 Bc5 5. e3 Nc6 6. a3 a5 7. Qd5 Qe7 8. Nc3
Ngxe5 9. Be2 d6 10. b3 Be6 11. Qd2 Qf6 12. Bb2 Qg6 13. Nxe5 Nxe5 14. Nd5 Qxg2
15. O-O-O O-O-O 16. Qxa5 Bxd5 17. cxd5 Bxe3+ 18. Kb1 Qe4+ 19. Ka1 Bb6 20. Qa8+
Kd7 21. Qxb7 Qxe2 22. Rhe1 Qc2 23. Rc1 Rb8 24. Qa6 Qxb3 25. Rc3 Qxd5 26. Qa4+
c6 27. Rd1 Qb5 28. Qc2 Ba5 29. Qf5+ Kc7 30. Rc2 Rhd8 31. f4 Nc4 32. Qxf7+ Rd7
0-1

[Event "K41 Efterars EMT Basis 1 2006"]
[Site "Valby"]
[Date "2006.10.03"]
[Round "4"]
[White "Frederiksen, Alan"]
[Black "Sorensen, Hans Erik Then"]
[Result "1-0"]
[WhiteElo "1611"]
[BlackElo "1537"]
[PlyCount "55"]
[EventDate "2006.??.??"]

1. d4 d5 2. c4 e6 3. Nc3 Nf6 4. Bg5 Be7 5. Nf3 O-O 6. e3 Nbd7 7. Bd3 dxc4 8.
Bxc4 b6 9. O-O Bb7 10. Rc1 Rc8 11. Qe2 Nd5 12. Bxe7 Qxe7 13. Bxd5 exd5 14. Qd1
c6 15. Qa4 a6 16. b4 Rc7 17. Nxd5 Qd6 18. Nxc7 Qxc7 19. Rc2 Rc8 20. Rfc1 Qd6
21. Qb3 Re8 22. a3 Qg6 23. Ne1 Nf6 24. Qd3 Qg5 25. Rxc6 Qd5 26. Rxb6 Nd7 27.
Rxb7 Qxb7 28. Qc2 1-0

[Event "K41 Efterars EMT Basis 1 2006"]
[Site "Valby"]
[Date "2006.10.03"]
[Round "4"]
[White "Pedersen, Egmont"]
[Black "Nielsen, Soren Skovso"]
[Result "0-1"]
[WhiteElo "1472"]
[BlackElo "1584"]
[PlyCount "52"]
[EventDate "2006.??.??"]

1. d4 Nf6 2. Nf3 b6 3. e3 Bb7 4. Be2 e6 5. a3 Be7 6. Nbd2 c5 7. dxc5 Bxc5 8. b4
Be7 9. c4 O-O 10. Bb2 d5 11. O-O Nbd7 12. Qb3 dxc4 13. Bxc4 Ne4 14. Nxe4 Bxe4
15. Be2 Qc7 16. Rac1 Qb7 17. Ne1 Rac8 18. Rxc8 Rxc8 19. f3 Bd5 20. Qd1 e5 21.
e4 Be6 22. Nc2 Bb3 23. Bd3 a5 24. bxa5 bxa5 25. Bc1 Qc7 26. Rf2 Bc5 0-1

[Event "K41 Efterars EMT Basis 1 2006"]
[Site "Valby"]
[Date "2006.10.10"]
[Round "5"]
[White "Nielsen, Soren Skovso"]
[Black "Frederiksen, Alan"]
[Result "0-1"]
[WhiteElo "1584"]
[BlackElo "1611"]
[PlyCount "74"]
[EventDate "2006.??.??"]

1. d4 Nf6 2. c4 e6 3. Nc3 d5 4. Bg5 Be7 5. Nf3 O-O 6. c5 c6 7. e3 Nbd7 8. Bd3
h6 9. Bf4 Nh5 10. O-O Nxf4 11. exf4 b6 12. cxb6 axb6 13. f5 Nf6 14. fxe6 Bxe6
15. Ne5 Qc8 16. Re1 Nd7 17. Rc1 Nxe5 18. dxe5 c5 19. Bb1 Rd8 20. b3 Bg5 21. Rc2
d4 22. Ne4 d3 23. Rc3 d2 24. Re2 Bf5 25. Nd6 Rxd6 26. exd6 Bxb1 27. Qxb1 Rxa2
28. d7 Qxd7 29. Rd3 Rb2 30. Qf1 Qf5 31. g3 Kh7 32. Re8 Rc2 33. Qe2 Rc1+ 34. Kg2
Re1 35. Re5 Qxe5 36. Qxe5 Rxe5 37. f4 Re1 0-1

[Event "K41 Efterars EMT Basis 1 2006"]
[Site "Valby"]
[Date "2006.10.10"]
[Round "5"]
[White "Philipsen, William Horup"]
[Black "Hansen, Henrik I"]
[Result "1/2-1/2"]
[WhiteElo "1448"]
[BlackElo "1677"]
[PlyCount "92"]
[EventDate "2006.??.??"]

1. e4 d5 2. exd5 Qxd5 3. d4 Nf6 4. Nf3 Bf5 5. Nc3 Qd8 6. Bf4 c6 7. Bc4 e6 8.
Qe2 Nbd7 9. h3 Nb6 10. Bb3 Nbd5 11. Bd2 Bb4 12. O-O Bxc3 13. bxc3 Ne4 14. Bxd5
cxd5 15. Qb5+ Qd7 16. Qxd7+ Kxd7 17. Ne5+ Ke7 18. Rad1 Rhc8 19. c4 Nxd2 20.
Rxd2 f6 21. g4 Bxc2 22. Rxc2 fxe5 23. dxe5 Rxc4 24. Rxc4 dxc4 25. Rb1 Rb8 26.
a4 Kd7 27. Kf1 Kc6 28. Rd1 Kc5 29. Rd7 c3 30. Ke2 Kc4 31. Kd1 b5 32. axb5 Rxb5
33. Rxa7 Kd3 34. Rd7+ Ke4 35. Rxg7 Rxe5 36. Kc2 h5 37. Kxc3 hxg4 38. hxg4 Kf3
39. g5 Kxf2 40. Kd4 Rd5+ 41. Ke4 Kg3 42. g6 Rg5 43. Rg8 Kg4 44. g7 Kg3 45. Ke3
Rg6 46. Ke4 Rg5 1/2-1/2

[Event "K41 Efterars EMT Basis 1 2006"]
[Site "Valby"]
[Date "2006.10.10"]
[Round "5"]
[White "Sorensen, Hans Erik Then"]
[Black "Christensen, Aage Niels"]
[Result "1/2-1/2"]
[WhiteElo "1537"]
[BlackElo "1525"]
[PlyCount "31"]
[EventDate "2006.??.??"]

1. d4 Nf6 2. c4 g6 3. Nc3 d5 4. Nf3 Bg7 5. Bf4 O-O 6. e3 c5 7. dxc5 Qa5 8. Nd4
dxc4 9. Bxc4 Qxc5 10. Qe2 e5 11. Nb3 Qe7 12. Bg5 Be6 13. Bxe6 Qxe6 14. e4 Nc6
15. Nc5 Qc8 16. Nb3 1/2-1/2

[Event "K41 Efterars EMT Basis 1 2006"]
[Site "Valby"]
[Date "2006.10.24"]
[Round "6"]
[White "Christensen, Aage Niels"]
[Black "Nielsen, Soren Skovso"]
[Result "0-1"]
[WhiteElo "1525"]
[BlackElo "1584"]
[PlyCount "42"]
[EventDate "2006.??.??"]

1. d4 Nf6 2. Bg5 e6 3. e4 Be7 4. c4 Nxe4 5. Bxe7 Qxe7 6. Nf3 O-O 7. Bd3 f5 8.
O-O b6 9. Re1 Qf6 10. Bxe4 fxe4 11. Rxe4 Bb7 12. Re3 Nc6 13. Nc3 Ne7 14. Ne4
Qf4 15. Ng3 Nf5 16. Nxf5 Rxf5 17. Rc1 Raf8 18. Rcc3 Qh6 19. a3 Qf6 20. Rcd3 Qf7
21. Ne5 Rxe5 0-1

[Event "K41 Efterars EMT Basis 1 2006"]
[Site "Valby"]
[Date "2006.10.24"]
[Round "6"]
[White "Hansen, Henrik I"]
[Black "Sorensen, Hans Erik Then"]
[Result "1/2-1/2"]
[WhiteElo "1677"]
[BlackElo "1537"]
[PlyCount "52"]
[EventDate "2006.??.??"]

1. e4 d5 2. exd5 Qxd5 3. Nc3 Qa5 4. d4 Nf6 5. Bd2 c6 6. Ne4 Qf5 7. Nxf6+ Qxf6
8. Nf3 Bg4 9. c3 Bxf3 10. gxf3 e6 11. Be2 Nd7 12. Qb3 b6 13. f4 Bd6 14. Bf3 Rc8
15. Qa4 Rc7 16. Bxc6 Bxf4 17. Bxf4 Qxf4 18. O-O Qd6 19. d5 O-O 20. Bxd7 Qxd7
21. Qxd7 Rxd7 22. dxe6 fxe6 23. Rae1 Rd2 24. Rxe6 Rxb2 25. a4 Ra2 26. Re4 Rf3
1/2-1/2

[Event "K41 Efterars EMT Basis 1 2006"]
[Site "Valby"]
[Date "2006.10.24"]
[Round "6"]
[White "Pedersen, Egmont"]
[Black "Frederiksen, Alan"]
[Result "0-1"]
[WhiteElo "1472"]
[BlackElo "1611"]
[PlyCount "74"]
[EventDate "2006.??.??"]

1. Nf3 d5 2. d4 Nf6 3. Nbd2 e6 4. a3 c5 5. dxc5 Bxc5 6. e3 O-O 7. c4 b6 8. b4
Be7 9. Bb2 Ba6 10. Be2 Nbd7 11. O-O dxc4 12. Bxc4 Bb7 13. Be2 Ne4 14. Nxe4 Bxe4
15. Nd2 Bb7 16. Bf3 Bxf3 17. Nxf3 Nf6 18. Qxd8 Rfxd8 19. Rfd1 Rac8 20. Bd4 Rc2
21. Rdc1 Rdc8 22. Rxc2 Rxc2 23. Ne1 Rc4 24. Nf3 Ne4 25. Ne5 Rc2 26. f3 Nc3 27.
Bxc3 Rxc3 28. e4 Bf6 29. Ng4 Bd4+ 30. Kf1 h5 31. Nf2 e5 32. Ra2 Rc1+ 33. Ke2
Rg1 34. Rc2 Rxg2 35. Kf1 Rxh2 36. Kg1 Rxf2 37. Rxf2 g5 0-1

[Event "K41 Efterars EMT Basis 1 2006"]
[Site "Valby"]
[Date "2006.10.31"]
[Round "7"]
[White "Frederiksen, Alan"]
[Black "Christensen, Aage Niels"]
[Result "1/2-1/2"]
[WhiteElo "1611"]
[BlackElo "1525"]
[PlyCount "66"]
[EventDate "2006.??.??"]

1. d4 Nf6 2. c4 g6 3. g3 d6 4. Bg2 Bg7 5. Nf3 O-O 6. O-O Re8 7. Nc3 Nbd7 8. h3
a6 9. Rb1 e5 10. e4 exd4 11. Nxd4 Nc5 12. Bg5 h6 13. Bxf6 Qxf6 14. Nde2 c6 15.
b4 Ne6 16. f4 Nd4 17. Kh2 Be6 18. c5 Nxe2 19. Nxe2 dxc5 20. e5 Qe7 21. bxc5
Bxa2 22. Rb2 Rad8 23. Qc2 Bd5 24. Nc3 Bxg2 25. Kxg2 Qxc5 26. Rxb7 Rd4 27. Qb3
Qc4 28. Qxc4 Rxc4 29. Ne2 Rc2 30. Kf3 a5 31. Rd1 a4 32. Rdd7 a3 33. Rxf7 a2
1/2-1/2

[Event "K41 Efterars EMT Basis 1 2006"]
[Site "Valby"]
[Date "2006.10.31"]
[Round "7"]
[White "Nielsen, Soren Skovso"]
[Black "Hansen, Henrik I"]
[Result "1-0"]
[WhiteElo "1584"]
[BlackElo "1677"]
[PlyCount "59"]
[EventDate "2006.??.??"]

1. d4 Nf6 2. c4 c5 3. d5 d6 4. Nc3 e6 5. e4 exd5 6. exd5 Be7 7. Bd3 O-O 8. Nge2
Na6 9. a3 Ng4 10. Qc2 g6 11. O-O Ne5 12. Ng3 Nxd3 13. Qxd3 f5 14. f4 Re8 15.
Bd2 Bf6 16. Rfe1 Rxe1+ 17. Rxe1 Bd4+ 18. Be3 Qe7 19. Re2 Qf6 20. Bxd4 cxd4 21.
Nb5 Bd7 22. Qxd4 Qxd4+ 23. Nxd4 Nc5 24. b4 Nd3 25. Re7 Rd8 26. Nge2 Nb2 27. c5
dxc5 28. bxc5 Ba4 29. Rxb7 Nd3 30. c6 1-0

[Event "K41 Efterars EMT Basis 1 2006"]
[Site "Valby"]
[Date "2006.10.31"]
[Round "7"]
[White "Philipsen, William Horup"]
[Black "Pedersen, Egmont"]
[Result "1-0"]
[WhiteElo "1448"]
[BlackElo "1472"]
[PlyCount "35"]
[EventDate "2006.??.??"]

1. g3 d5 2. Bg2 e6 3. Nf3 Nf6 4. O-O b6 5. d4 Bb7 6. c4 dxc4 7. Nc3 Be7 8. Re1
O-O 9. e4 c5 10. Bg5 Nbd7 11. d5 exd5 12. exd5 Bd6 13. Ne4 Ne5 14. Nxe5 Bxe5
15. d6 Bd4 16. Nxf6+ Bxf6 17. Bxf6 Qxf6 18. Bxb7 1-0